|
|
|
|
| LEADER |
01458nam a2200397 a 4500 |
| 001 |
nkc20132439638 |
| 003 |
CZ PrNK |
| 005 |
20130327091044.0 |
| 007 |
ta |
| 008 |
130201s2012 xr f 001 0 cze |
| 015 |
|
|
|a cnb002439638
|
| 020 |
|
|
|a 978-80-7231-914-5
|q (váz.) :
|c Kč 120,00
|
| 035 |
|
|
|a (OCoLC)829662761
|
| 040 |
|
|
|a BOA001
|b cze
|d ABA001
|
| 072 |
|
7 |
|a 351
|x Úkoly veřejné správy, správní opatření, legislativa
|2 Konspekt
|9 15
|
| 080 |
|
|
|a 351.78:004.7
|2 MRF
|
| 080 |
|
|
|a (048.8)
|2 MRF
|
| 100 |
1 |
|
|a Hrůza, Petr,
|d 1969-
|7 xx0044730
|4 aut
|
| 245 |
1 |
0 |
|a Kybernetická bezpečnost /
|c Petr Hrůza
|
| 250 |
|
|
|a Vyd. 1.
|
| 260 |
|
|
|a Brno :
|b Univerzita obrany,
|c 2012
|
| 300 |
|
|
|a 90 s. ;
|c 24 cm
|
| 500 |
|
|
|a Nad názvem: Univerzita obrany, Fakulta ekonomiky a managementu
|
| 500 |
|
|
|a 100 výt.
|
| 504 |
|
|
|a Obsahuje bibliografii a rejstřík
|
| 650 |
0 |
7 |
|a kybernetická bezpečnost
|7 ph716242
|2 czenas
|
| 650 |
0 |
9 |
|a cyber security
|2 eczenas
|
| 655 |
|
7 |
|a monografie
|7 fd132842
|2 czenas
|
| 655 |
|
9 |
|a monographs
|2 eczenas
|
| 710 |
2 |
|
|a Univerzita obrany.
|b Fakulta ekonomiky a managementu
|7 xx0036449
|
| 910 |
2 |
|
|a BOA001
|b 2-1299.259
|
| 990 |
|
|
|a BK
|
| 995 |
|
|
|a 01
|
| 991 |
|
|
|b 201302
|c NOV
|e n
|j 35 HRU
|
| 996 |
6 |
|
|b 2610537774
|c 2-1299.259
|l MZK
|r Sklad / do 1 hodiny
|n 15
|p p.v.
|w 001311785
|u 000010
|a 1
|e BOA001
|j MZK50
|s P
|
| 996 |
7 |
|
|b 2610537775
|c 2-1299.259
|l Vol.výběr
|r VV 0p
|n 38
|p p.v.
|h 35 HRU
|w 001311785
|u 000020
|a 0
|e BOA001
|j MZK50
|s A
|